Investigación sobre la leyes del pensamiento
সংরক্ষণ করুন:
| প্রধান লেখক: | |
|---|---|
| বিন্যাস: | গ্রন্থ |
| ভাষা: | স্প্যানিশ |
| প্রকাশিত: |
Madrid, España
Paraninfo
1982
|
| মালা: | Lógica y Teoría de la Ciencia
|
| বিষয়গুলি: | |
| ট্যাগগুলো: |
ট্যাগ যুক্ত করুন
কোনো ট্যাগ নেই, প্রথমজন হিসাবে ট্যাগ করুন!
|
MARC
| LEADER | 00000nam a2200000 a 4500 | ||
|---|---|---|---|
| 001 | UCZ4346 | ||
| 003 | CL-VaPUC | ||
| 005 | 20240819115753.0 | ||
| 008 | 951106e19820000SP |||||||||||||||||spa|d | ||
| 999 | |c 240758 |d 240756 | ||
| 040 | |c Pontificia Universidad Católica de Valparaíso | ||
| 082 | 0 | 4 | |a 511.324 BOO 1982 |2 21 |
| 100 | 0 | |a Boole, George |9 348317 | |
| 245 | 1 | 0 | |a Investigación sobre la leyes del pensamiento |
| 260 | 0 | 3 | |a Madrid, España |b Paraninfo |c 1982 |
| 300 | |a 373 páginas | ||
| 490 | 0 | |a Lógica y Teoría de la Ciencia | |
| 583 | |a last modification |c 19951106 00:00:00 |k Rodrigo Vera | ||
| 650 | 0 | |a Matemática |9 260235 | |
| 650 | 0 | |a Lógica matemática |9 262442 | |
| 650 | 7 | |a PROBALIDADES |2 CL-VaPUC |9 348318 | |
| 942 | |c BK |2 ddc | ||
| 945 | |d 19951106 00:00:00 |a lriquelm | ||
| 952 | |0 0 |1 0 |2 ddc |4 0 |6 511_324000000000000_BOO_1982 |7 0 |8 P |9 252781 |a BIBEDU |b BIBEDU |c BIBEDU_PB |d 2019-11-18 |i 1595776 |o 511.324 BOO 1982 |p 1595776 |r 2024-01-25 |t 1 |w 2019-11-18 |y BK |k FIL | ||